• 首页
  • 本馆介绍
  • 公告通知
  • 最新文献
  • 馆藏检索
  • 电子资源
  • 读者导购
  • 参考咨询
  • 我的图书馆
  • 登录
  • 详细信息显示
  • 放入我的书架
  • 预约/预借图书
  • 作者相关作品
  • 分类相关作品
  • 丛书相关作品
  • 出版社相关作品

书目信息

  • 表格格式
  • 工作单格式
  • 卡片格式
题名:
制药工程学
    
 
作者: 王志祥 编著
分册:  
出版信息: 北京   化学工业出版社  2015
页数: 387页
开本: 26cm
丛书名:
单 册:
中图分类: TQ46
科图分类:
主题词: 制药工业--zhi yao gong ye--化学工程--教材
电子资源:
ISBN: 978-7-122-24469-7
000 01030nam0 2200289 450
001 012001002253
005 20191121143501.79
010    @a978-7-122-24469-7@dCNY49.00
099    @aCAL 012015108192
100    @a20150807d2015 em y0chiy50 ea
101 0  @achi
102    @aCN@b110000
105    @aak a 000yy
106    @ar
200 1  @a制药工程学@Azhi yao gong cheng xue@f王志祥编著
205    @a第3版
210    @a北京@c化学工业出版社@d2015
215    @a387页@c图@d26cm
300    @a普通高等教育“十一五”国家级规划教材
320    @a有书目
330    @a本书分别论述了制药工程设计概述、厂址选择和总平面设计、工艺流程设计、物料衡算、能量衡算、制药反应设备、制药专用设备、车间布置设计、管道设计、制药工业与环境保护、防火防爆与安全卫生以及技术经济与工程概算等。
333    @a适用于制药工业化学工程专业人员及相关读者。
606 0  @a制药工业@Azhi yao gong ye@x化学工程@j教材
690    @aTQ46@v5
701  0 @a王志祥@Awang zhi xiang@4编著
801  0 @aCN@b北京卓展@c20191020
905    @b1205015-8@dTQ46@e107=3@f4
    
    制药工程学/王志祥编著.-第3版.-北京:化学工业出版社,2015
    387页:图;26cm
    普通高等教育“十一五”国家级规划教材.-使用对象:适用于制药工业化学工程专业人员及相关读者。
    
    ISBN 978-7-122-24469-7:CNY49.00
    本书分别论述了制药工程设计概述、厂址选择和总平面设计、工艺流程设计、物料衡算、能量衡算、制药反应设备、制药专用设备、车间布置设计、管道设计、制药工业与环境保护、防火防爆与安全卫生以及技术经济与工程概算等。
●
相关链接 在E读中查询图书 在五车中查询图书 在当当中查询图书 在豆瓣中查询图书


正题名:制药工程学     索取号:TQ46/107=3         预约/预借

序号 登录号 条形码 馆藏地/架位号 状态 备注
1 1205015   212050153   第二样本阅览室/ [索取号:TQ46/107=3] 在馆    
2 1205016   212050162   第三借阅区/ [索取号:TQ46/107=3] 在馆    
3 1205017   212050171   第三借阅区/ [索取号:TQ46/107=3] 在馆    
4 1205018   212050180   第三借阅区/ [索取号:TQ46/107=3] 在馆    
唐山师范学院图书馆 欢迎您!
大连网信软件有限公司© 版权所有